000 00298nam a2200121Ia 4500
008 190216s9999||||xx |||||||||||||| ||und||
100 _aHooda R P
245 0 _aStatistics For Business And Economics
260 _bMac Millian And Com. Ltd
_c1994
300 _a715p
650 _aCommerce
942 _cBK
999 _c5900
_d5900